| 000 | 00534nmm a2200169Ia 4500 | ||
|---|---|---|---|
| 008 | 251105s9999||||xx |||||||||||||||||und|| | ||
| 020 | _a9788497427210 | ||
| 041 | _aspa | ||
| 100 | _aRivera, Antonio | ||
| 245 | 0 |
_aSeñas de identidad : _b El País Vasco visto por la Izquierda histórica |
|
| 264 |
_a[Madrid, España] : _bBiblioteca Nueva, _c2007 |
||
| 300 | _a245 páginas | ||
| 490 | _aHistoria Biblioteca Nueva | ||
| 650 | _aHistory of Europe: Spain | ||
| 856 | _uhttps://public.digitaliapublishing.com/a/5031 | ||
| 942 | _cCF | ||
| 999 |
_c90357 _d90357 |
||